| 000 | 01162nam a22002417a 4500 | ||
|---|---|---|---|
| 999 |
_c2252 _d2252 |
||
| 003 | AR-CdUCM | ||
| 008 | 190304b ||||| |||| 00| 0 spa d | ||
| 040 |
_aMUNICIPALIDAD PROVINCIAL DEL CUSCO _cBIBLIOTECA MUNICIPAL DEL CUSCO |
||
| 041 | _hchi | ||
| 082 |
_a320.531 / _bD392 |
||
| 100 |
_aDeng, Xiaoping _98109 |
||
| 245 | _aConstruir un Socialismo con Peculiaridades Chinas / | ||
| 260 |
_aChina : _bEdiciones en lenguas extranjeras Beijing, _c1985. |
||
| 300 |
_a98 paginas ; _c18 cm. |
||
| 505 | _aDiscurso de apertura del XII congreso nacional del partido comunista de China -- Garantizar concretamente el cumplimiento de los proyectos de construcción de gran importancia y emplear el personal científico y técnico en forma racional -- Conceder importancia al desarrollo de la inteligencia -- nuestro camino ya es acertado y nuestra política no cambiara -- Aprovechar los recursos intelectuales del exterior... | ||
| 650 |
_aEstado y Sociedad _96337 |
||
| 650 |
_aEstado socialista _98110 |
||
| 650 |
_aEstado Chino _98111 |
||
| 650 |
_aRecursos intelectuales _98112 |
||
| 700 |
_aBúro (Traductor) _98113 |
||
| 942 |
_2ddc _cLIBROS |
||
| 945 | _awnts | ||